[Event "IX Festival A"]
[Site "Salsomaggiore Terme ITA"]
[Date "2005.05.20"]
[Round "1"]
[White "Annoni, Riccardo"]
[Black "Ranola, Yves"]
[Result "0-1"]
[WhiteElo "2071"]
[BlackElo "2467"]
[PlyCount "62"]
[EventDate "2005.05.20"]

1. d4 Nf6 2. Nf3 e6 3. Nbd2 c5 4. e3 Nc6 5. c3 d5 6. Bd3 Bd6 7. O-O O-O 8. dxc5
Bxc5 9. e4 Qc7 10. Qe2 a5 11. e5 Ng4 12. Nb3 Bb6 13. Bxh7+ Kxh7 14. Ng5+ Kg8
15. Qxg4 Qxe5 16. Qh5 Qf5 17. Be3 Bd8 18. g4 Qg6 19. Qxg6 fxg6 20. h3 a4 21.
Nc5 Bxg5 22. Bxg5 b6 23. Nd3 Ba6 24. Rfd1 Bxd3 25. Rxd3 Ne5 26. Re3 Nf3+ 27.
Rxf3 Rxf3 28. Kg2 Rd3 29. Be3 a3 30. b3 Rxc3 31. Bxb6 e5 0-1

[Event "IX Festival A"]
[Site "Salsomaggiore Terme ITA"]
[Date "2005.05.20"]
[Round "1"]
[White "Barlocco, Carlo"]
[Black "Losi, Renzo"]
[Result "1/2-1/2"]
[WhiteElo "2195"]
[BlackElo "1901"]
[PlyCount "120"]
[EventDate "2005.05.20"]

1. g3 Nf6 2. Bg2 d5 3. d4 Bf5 4. c4 e6 5. Qb3 Nc6 6. Nf3 Na5 7. Qa4+ c6 8. Nbd2
Nxc4 9. Nxc4 dxc4 10. Qxc4 Bd6 11. O-O O-O 12. Nh4 Bg6 13. Nxg6 hxg6 14. e4 Be7
15. Be3 Qa5 16. a3 Rac8 17. b4 Qh5 18. h3 g5 19. g4 Qg6 20. Qc2 Nd5 21. Qa4
Nxe3 22. fxe3 a6 23. Qb3 Bf6 24. e5 Be7 25. a4 b6 26. Rfc1 c5 27. bxc5 bxc5 28.
Bb7 Rcd8 29. dxc5 Rd3 30. Rc3 Rfd8 31. Rxd3 Rxd3 32. Qc2 Bd8 33. Bxa6 Ra3 34.
Rc1 Qxc2 35. Rxc2 Rxa4 36. Bc8 Bc7 37. c6 Ra5 38. Bd7 Rxe5 39. Rb2 Rc5 40. Rb7
Be5 41. Kf2 Kf8 42. Ra7 Bd6 43. Kf3 Ke7 44. Ke4 Re5+ 45. Kf3 Rxe3+ 46. Kg2 Rg3+
47. Kf1 Rc3 48. Ke2 Rxh3 49. Kd2 Be5 50. Bc8+ Kd8 51. Bb7 f5 52. gxf5 exf5 53.
Ke2 g4 54. Ra5 Rh2+ 55. Kd3 g3 56. Rxe5 g2 57. c7+ Kxc7 58. Re7+ Kb6 59. Rxg7
g1=Q 60. Rxg1 Kxb7 1/2-1/2

[Event "IX Festival A"]
[Site "Salsomaggiore Terme ITA"]
[Date "2005.05.20"]
[Round "1"]
[White "Bonade', Massimo"]
[Black "Bonade', Giacomo"]
[Result "1-0"]
[WhiteElo "2101"]
[BlackElo "1778"]
[PlyCount "65"]
[EventDate "2005.05.20"]

1. d4 f5 2. g3 Nf6 3. Bg2 e6 4. c4 Be7 5. Nf3 d6 6. O-O O-O 7. b3 Qe8 8. Nbd2
Nc6 9. Bb2 b6 10. Re1 Ne4 11. d5 exd5 12. cxd5 Nxd2 13. Qxd2 Na5 14. Rac1 Qd8
15. Nd4 Rb8 16. b4 Bd7 17. bxa5 bxa5 18. Ba1 f4 19. Qxa5 c5 20. Qxd8 Bxd8 21.
Nc6 Bxc6 22. dxc6 Bc7 23. Bd5+ Kh8 24. Rb1 Bb6 25. Red1 Rbe8 26. Bf3 Re6 27. c7
fxg3 28. hxg3 Re7 29. Rxd6 Bxc7 30. Rd5 Bb6 31. Rbd1 Ref7 32. Rd7 h6 33. R1d6
1-0

[Event "IX Festival A"]
[Site "Salsomaggiore Terme ITA"]
[Date "2005.05.20"]
[Round "1"]
[White "Bozuffi, Italo"]
[Black "Capata, Ion"]
[Result "0-1"]
[WhiteElo "1748"]
[BlackElo "2096"]
[PlyCount "122"]
[EventDate "2005.05.20"]

1. f4 d5 2. Nf3 Nf6 3. e3 g6 4. Be2 Bg7 5. d4 O-O 6. O-O b6 7. c3 c5 8. Ne5 Ne4
9. Nd2 f5 10. Nxe4 dxe4 11. Bc4+ e6 12. d5 Bxe5 13. fxe5 Qe7 14. Qb3 Nd7 15. d6
Qe8 16. Bxe6+ Kg7 17. Bd5 Ba6 18. Bxa8 Bxf1 19. Kxf1 Qxa8 20. e6 Ne5 21. e7 Rf6
22. Qb5 Nc6 23. b4 Rxd6 24. Bb2 cxb4 25. cxb4+ Kf7 26. Qc4+ Re6 27. Qd5 Qe8 28.
Rc1 Nxe7 29. Rc7 Qc8 30. Qc4 Qd8 31. Bd4 b5 32. Qc5 f4 33. Ke2 fxe3 34. Rxa7
Kg8 35. Qc3 Nf5 36. Bc5 Qd3+ 37. Qxd3 exd3+ 38. Ke1 Nh4 39. Bxe3 Rxe3+ 40. Kd2
Nxg2 41. a4 bxa4 42. b5 Re2+ 43. Kxd3 Nf4+ 44. Kc3 Nd5+ 45. Kd4 Rd2+ 46. Kc5 g5
47. Rxa4 Kg7 48. b6 Nxb6 49. Kxb6 Rxh2 50. Rg4 Kg6 51. Kc5 Rd2 52. Kc4 h5 53.
Rg1 h4 54. Kc3 Rd8 55. Rg4 Kh5 56. Ra4 h3 57. Kc2 g4 58. Ra1 h2 59. Ra7 Kh4 60.
Rh7+ Kg3 61. Rh6 Kg2 0-1

[Event "IX Festival A"]
[Site "Salsomaggiore Terme ITA"]
[Date "2005.05.20"]
[Round "1"]
[White "Braga, Gian Carlo"]
[Black "Pegoraro, Nicola"]
[Result "0-1"]
[WhiteElo "1515"]
[BlackElo "2082"]
[PlyCount "96"]
[EventDate "2005.05.20"]

1. e4 c5 2. Nf3 d6 3. d4 cxd4 4. Nxd4 Nf6 5. Nc3 a6 6. Be2 e5 7. Nf3 Be7 8. O-O
O-O 9. Be3 Ng4 10. Nd5 Nxe3 11. Nxe3 Be6 12. c4 Nc6 13. Nd5 Re8 14. Qb3 Rb8 15.
Rfd1 Bf8 16. Bf1 Kh8 17. h4 Bg4 18. Ng5 Kg8 19. f3 Bd7 20. g3 h6 21. Nh3 Nd4
22. Qd3 f5 23. Nf2 f4 24. gxf4 Qxh4 25. fxe5 Qg3+ 26. Bg2 dxe5 27. f4 exf4 28.
Qxd4 f3 29. Ne3 fxg2 30. Nxg2 Bc6 31. Rd3 Qg5 32. Qe3 Qxe3 33. Rxe3 Bc5 34. Re2
Rxe4 35. Rxe4 Bxe4 36. Re1 Re8 37. Nf4 Kf7 38. Kf1 Bxf2 39. Kxf2 g5 40. Ne2 Bd3
41. b3 Rxe2+ 42. Rxe2 Bxe2 43. Kxe2 Ke6 44. b4 Ke5 45. a3 Kd4 46. c5 Kc4 47.
Ke3 h5 48. Ke4 h4 0-1

[Event "IX Festival A"]
[Site "Salsomaggiore Terme ITA"]
[Date "2005.05.20"]
[Round "1"]
[White "Brigati, Alessandro"]
[Black "Aldrovandi, Costantino"]
[Result "0-1"]
[WhiteElo "1957"]
[BlackElo "2246"]
[PlyCount "34"]
[EventDate "2005.05.20"]

1. Nf3 f5 2. d4 Nf6 3. h3 d6 4. Bf4 g6 5. e3 Bg7 6. Bc4 e6 7. Nbd2 h6 8. Bh2
Nc6 9. c3 Qe7 10. Qc2 g5 11. O-O-O Bd7 12. Rhe1 d5 13. Bb5 O-O 14. Bxc7 Nb4 15.
Bxd7 Nxc2 16. Kxc2 Qxd7 17. Bh2 Ne4 0-1

[Event "IX Festival A"]
[Site "Salsomaggiore Terme ITA"]
[Date "2005.05.20"]
[Round "1"]
[White "Calza, Gabriele"]
[Black "Mussap, Angelo"]
[Result "1/2-1/2"]
[WhiteElo "1790"]
[BlackElo "2115"]
[PlyCount "82"]
[EventDate "2005.05.20"]

1. c4 e5 2. g3 c6 3. d4 Nf6 4. dxe5 Qa5+ 5. Nc3 Qxe5 6. Nf3 Qa5 7. Bg2 Bb4 8.
Bd2 O-O 9. O-O Qh5 10. a3 Ba5 11. b4 Bc7 12. Qc2 d5 13. cxd5 Nxd5 14. Nxd5 Qxd5
15. Ng5 Bf5 16. e4 Bg6 17. exd5 Bxc2 18. dxc6 Nxc6 19. Rac1 Ba4 20. Rfe1 Bb6
21. Be3 Bxe3 22. Rxe3 h6 23. Ne4 Nd4 24. Nc5 Bc6 25. Nxb7 Bxb7 26. Bxb7 Rae8
27. Rxe8 Rxe8 28. Kf1 Re7 29. Ba6 Nf3 30. Bd3 g6 31. h4 Nd2+ 32. Kg2 Nb3 33.
Rc3 Nd4 34. a4 Rb7 35. b5 Kf8 36. Be4 Rd7 37. Bc6 Rc7 38. Rc4 Nxc6 39. a5 Ke7
40. b6 axb6 41. axb6 Rc8 1/2-1/2

[Event "IX Festival A"]
[Site "Salsomaggiore Terme ITA"]
[Date "2005.05.20"]
[Round "1"]
[White "Capurro, Giuliano"]
[Black "Tomba, Patrizia"]
[Result "1-0"]
[WhiteElo "2088"]
[BlackElo "1670"]
[PlyCount "67"]
[EventDate "2005.05.20"]

1. e4 e5 2. Nf3 Nc6 3. Bc4 Bc5 4. d4 exd4 5. Ng5 Nh6 6. Nxf7 Nxf7 7. Bxf7+ Kxf7
8. Qh5+ g6 9. Qxc5 d6 10. Qa3 Re8 11. O-O Kg8 12. Qb3+ Kh8 13. Qg3 Rxe4 14. Bg5
Qf8 15. f3 Re6 16. Nd2 Bd7 17. Ne4 Rae8 18. Qh4 Qf7 19. Rad1 Re5 20. Bf6+ Kg8
21. Bxe5 Rxe5 22. Nf6+ Kh8 23. Nxd7 Qxd7 24. Rfe1 Qe6 25. f4 Re3 26. Rf1 Re2
27. Rf3 Rxc2 28. Rh3 Qe7 29. Qg4 Qe8 30. f5 Ne5 31. Qh4 Qg8 32. fxg6 Qxg6 33.
Rg3 Qf5 34. Qd8+ 1-0

[Event "IX Festival A"]
[Site "Salsomaggiore Terme ITA"]
[Date "2005.05.20"]
[Round "1"]
[White "Cedriano, Filippo"]
[Black "Jurkovic, Ante"]
[Result "0-1"]
[WhiteElo "2043"]
[BlackElo "2336"]
[PlyCount "56"]
[EventDate "2005.05.20"]

1. Nf3 d6 2. g3 g6 3. Bg2 Bg7 4. O-O c5 5. d3 Nc6 6. e4 e6 7. Nbd2 Nge7 8. c3
e5 9. Nh4 O-O 10. f4 f5 11. exf5 gxf5 12. Ndf3 Kh8 13. Ng5 Qe8 14. Bf3 Rf6 15.
Bh5 Qg8 16. g4 Bh6 17. gxf5 exf4 18. Bxf4 Bxg5 19. Ng6+ Nxg6 20. Bxg5 Nge5 21.
h4 Rxf5 22. Rxf5 Bxf5 23. Kh2 Qe6 24. d4 Bg4 25. Bxg4 Nxg4+ 26. Kg3 Nf6 27. Kh2
cxd4 28. cxd4 Ne4 0-1

[Event "IX Festival A"]
[Site "Salsomaggiore Terme ITA"]
[Date "2005.05.20"]
[Round "1"]
[White "Cenci, Federico"]
[Black "Foglia, Maurizio"]
[Result "0-1"]
[WhiteElo "1712"]
[BlackElo "2089"]
[PlyCount "90"]
[EventDate "2005.05.20"]

1. e4 Nf6 2. e5 Nd5 3. d4 d6 4. c4 Nb6 5. exd6 cxd6 6. Nc3 g6 7. Be3 Bg7 8. Rc1
O-O 9. b3 Nc6 10. d5 Ne5 11. Be2 a5 12. Nf3 Nxf3+ 13. Bxf3 Nd7 14. O-O Nc5 15.
a3 Bf5 16. Be2 a4 17. g4 Bd7 18. b4 Nb3 19. Rc2 f5 20. h3 f4 21. Bc1 f3 22. Bd3
Bxg4 23. hxg4 Qd7 24. Bf5 Rxf5 25. Qd3 Nxc1 26. Rfxc1 Rf4 27. Ne4 Qxg4+ 28. Ng3
Bd4 29. Kf1 Qh3+ 30. Ke1 Bxf2+ 31. Rxf2 Qxg3 32. c5 Qg1+ 33. Qf1 Qg5 34. Qd3
Rg4 35. Rcc2 Rg1+ 36. Rf1 Qe5+ 37. Kd2 Rxf1 38. Qxf1 Qxd5+ 39. Kc1 Rf8 40. cxd6
Qxd6 41. Qc4+ Kg7 42. Rd2 Qf6 43. Rf2 Qa1+ 44. Kc2 Qf6 45. Kd3 Qf5+ 0-1

[Event "IX Festival A"]
[Site "Salsomaggiore Terme ITA"]
[Date "2005.05.20"]
[Round "1"]
[White "De Santis, Alessio"]
[Black "Weiland, Guenter"]
[Result "1/2-1/2"]
[WhiteElo "2248"]
[BlackElo "1990"]
[PlyCount "48"]
[EventDate "2005.05.20"]

1. d4 c5 2. d5 g6 3. c4 Bg7 4. Nc3 Bxc3+ 5. bxc3 f5 6. e4 fxe4 7. h4 Nf6 8. h5
Rg8 9. hxg6 hxg6 10. g4 d6 11. Be2 Qa5 12. Bd2 Kd8 13. Qb1 Qb6 14. Qd1 Qa5 15.
g5 Ne8 16. Qb1 Qb6 17. Qxe4 Bf5 18. Qe3 Qb2 19. Rc1 Nd7 20. f4 Qxa2 21. Nf3 Nb6
22. Nh4 Nxc4 23. Bxc4 Qxc4 24. Nxf5 gxf5 1/2-1/2

[Event "IX Festival A"]
[Site "Salsomaggiore Terme ITA"]
[Date "2005.05.20"]
[Round "1"]
[White "Del Giudice, Stefano"]
[Black "Musto, Marco"]
[Result "1-0"]
[WhiteElo "2077"]
[BlackElo "1491"]
[PlyCount "59"]
[EventDate "2005.05.20"]

1. e4 c5 2. Nc3 g6 3. Nf3 Bg7 4. d4 cxd4 5. Nxd4 Nc6 6. Be3 a6 7. Bc4 Qc7 8.
Bb3 e6 9. O-O Nf6 10. h3 O-O 11. a4 d6 12. f4 Rd8 13. f5 gxf5 14. exf5 e5 15.
Nxc6 bxc6 16. a5 Re8 17. Bg5 Qa7+ 18. Kh1 Qd4 19. Bxf6 Bxf6 20. Qh5 d5 21. Ra4
Qa7 22. Rg4+ Kh8 23. Qh6 Qe7 24. Bxd5 Rg8 25. Rxg8+ Kxg8 26. Ne4 Bg7 27. Qxc6
Rb8 28. f6 Qd7 29. Qxd7 Bxd7 30. fxg7 1-0

[Event "IX Festival A"]
[Site "Salsomaggiore Terme ITA"]
[Date "2005.05.20"]
[Round "1"]
[White "Dvirnyy, Danyyil"]
[Black "Bocci, Alessandro"]
[Result "1-0"]
[WhiteElo "2120"]
[BlackElo "1793"]
[PlyCount "75"]
[EventDate "2005.05.20"]

1. e4 c5 2. Nf3 Nc6 3. d4 cxd4 4. Nxd4 Qc7 5. Nc3 e6 6. Be2 a6 7. O-O Nf6 8.
Be3 Bb4 9. Nxc6 bxc6 10. Na4 Be7 11. Nb6 Rb8 12. Nxc8 Qxc8 13. Qd4 c5 14. Qa4
Rxb2 15. Rab1 Qb8 16. Rxb2 Qxb2 17. Qxa6 O-O 18. Bd3 Rb8 19. a4 Rb6 20. Qc8+
Bf8 21. Bxc5 Rb8 22. Qc7 Bxc5 23. Qxc5 Qb4 24. Qc7 Qb7 25. Qxb7 Rxb7 26. a5 d5
27. a6 Ra7 28. Rb1 Kf8 29. Rb8+ Ke7 30. exd5 Nd7 31. Rg8 Nc5 32. Rxg7 Nxd3 33.
cxd3 Rxa6 34. Kf1 exd5 35. Rxh7 Ra2 36. Rh3 Kd6 37. Re3 Kc5 38. h4 1-0

[Event "IX Festival A"]
[Site "Salsomaggiore Terme ITA"]
[Date "2005.05.20"]
[Round "1"]
[White "Efimov, Igor"]
[Black "Muraro, Alberto"]
[Result "1-0"]
[WhiteElo "2458"]
[BlackElo "2057"]
[PlyCount "43"]
[EventDate "2005.05.20"]

1. d4 Nf6 2. c4 g6 3. Nc3 Bg7 4. Nf3 O-O 5. Bg5 h6 6. Bh4 d6 7. e3 Bf5 8. Be2
c6 9. O-O Nbd7 10. Nd2 e5 11. d5 g5 12. Bg3 c5 13. e4 Bg6 14. a3 h5 15. h3 h4
16. Bh2 Kh7 17. Re1 Kh6 18. Bg4 Nh5 19. Nf1 Bf6 20. Ne3 Ng7 21. Bxd7 Qxd7 22.
Ng4+ 1-0

[Event "IX Festival A"]
[Site "Salsomaggiore Terme ITA"]
[Date "2005.05.20"]
[Round "1"]
[White "Ferrari, Cristiano"]
[Black "Tamburini, Lorenzo"]
[Result "0-1"]
[WhiteElo "1469"]
[BlackElo "2075"]
[PlyCount "97"]
[EventDate "2005.05.20"]

1. d4 Nf6 2. c4 e6 3. Nf3 b6 4. Bg5 Be7 5. e3 Bb7 6. Be2 h6 7. Bxf6 Bxf6 8. O-O
O-O 9. Qc2 d6 10. Nbd2 Nd7 11. Rac1 c5 12. Rfd1 Rc8 13. Qb1 Qc7 14. Bd3 cxd4
15. exd4 Qb8 16. Bh7+ Kh8 17. Be4 d5 18. cxd5 exd5 19. Bf5 Qd6 20. Rxc8 Rxc8
21. Bxd7 Qxd7 22. Rc1 Rxc1+ 23. Qxc1 Qe7 24. Qd1 Bc8 25. h3 Bf5 26. Nb3 Qe4 27.
Kf1 Kh7 28. Kg1 a5 29. a3 g6 30. Kh2 Kg7 31. g3 Bd7 32. Kg2 Ba4 33. Kg1 Bxb3
34. Qxb3 Bxd4 35. Nxd4 Qxd4 36. Qb5 Qc5 37. Qe2 d4 38. Qd2 Qc4 39. Kg2 d3 40.
Qe3 Qd5+ 41. Qf3 Qd4 42. Qd1 Qe4+ 43. f3 Qe3 44. Kf1 h5 45. g4 b5 46. Qe1 Qxf3+
47. Qf2 Qxh3+ 48. Ke1 Qxg4 49. Kd2 0-1

[Event "IX Festival A"]
[Site "Salsomaggiore Terme ITA"]
[Date "2005.05.20"]
[Round "1"]
[White "Fieschi, Lorenzo"]
[Black "Barletta, Mauro"]
[Result "0-1"]
[WhiteElo "2000"]
[BlackElo "2252"]
[PlyCount "96"]
[EventDate "2005.05.20"]

1. d4 d5 2. Nf3 Nf6 3. e3 Bg4 4. c4 e6 5. Qb3 Qc8 6. Ne5 Bh5 7. Nc3 c6 8. Bd3
Be7 9. O-O O-O 10. Bd2 Nbd7 11. f4 dxc4 12. Bxc4 Nb6 13. Bd3 c5 14. Rac1 Qd8
15. dxc5 Bxc5 16. Nb5 Qe7 17. Kh1 Rfd8 18. e4 a6 19. Nc3 Ng4 20. Nd1 Nxh2 21.
Rxc5 Nxf1 22. Bb4 Ng3+ 23. Kg1 Qh4 24. Nf2 Qxf4 25. Ba5 Nd7 26. Nxd7 Rxd7 27.
Qc2 Rf8 28. Bc7 Qe3 29. Bxg3 Rxd3 30. Rxh5 Rfd8 31. Rh3 Rd2 32. Qc7 h6 33. Bh4
Qe2 34. Rf3 R8d7 35. Qg3 Kh7 36. Re3 Qh5 37. Ng4 Rd1+ 38. Kh2 f5 39. exf5 exf5
40. Ne5 R7d4 41. Nf3 Rg4 42. Qf2 g5 43. Re7+ Kg8 44. Qc5 Rxh4+ 45. Kg3 Rh3+ 46.
Kf2 Rxf3+ 47. gxf3 Qh2+ 48. Ke3 Qd2# 0-1

[Event "IX Festival A"]
[Site "Salsomaggiore Terme ITA"]
[Date "2005.05.20"]
[Round "1"]
[White "Garofalo, Sergio"]
[Black "Salami, Marco"]
[Result "0-1"]
[WhiteElo "1903"]
[BlackElo "2206"]
[PlyCount "50"]
[EventDate "2005.05.20"]

1. d4 f5 2. e4 fxe4 3. Nc3 Nf6 4. Bg5 Nc6 5. f3 d5 6. Bxf6 exf6 7. fxe4 dxe4 8.
d5 Ne5 9. Nxe4 f5 10. Nf2 Bd6 11. Qd2 O-O 12. O-O-O Qh4 13. g3 Qf6 14. Be2 b5
15. Nf3 Nxf3 16. Bxf3 a5 17. Rhe1 Bd7 18. Re6 Bxe6 19. dxe6 Ba3 20. Qd4 Qxd4
21. Rxd4 Bc5 22. Rd2 Be3 23. Bxa8 Rxa8 24. Kd1 Bxd2 25. Kxd2 Re8 0-1

[Event "IX Festival A"]
[Site "Salsomaggiore Terme ITA"]
[Date "2005.05.20"]
[Round "1"]
[White "Garvani, Vittorio"]
[Black "Gasperi, Fosco"]
[Result "0-1"]
[WhiteElo "1864"]
[BlackElo "2168"]
[PlyCount "176"]
[EventDate "2005.05.20"]

1. e4 c6 2. d4 d5 3. exd5 cxd5 4. c4 Nf6 5. Nc3 Nc6 6. Bg5 Be6 7. c5 g6 8. Bxf6
exf6 9. g3 Bg7 10. Bg2 O-O 11. Nge2 a6 12. O-O Qd7 13. Na4 Rad8 14. Nb6 Qc7 15.
a3 f5 16. b4 g5 17. Ra2 Qe7 18. Rd2 Qf6 19. Qb3 f4 20. Rfd1 Ne7 21. a4 Rfe8 22.
b5 axb5 23. axb5 Bg4 24. Bf3 fxg3 25. fxg3 Qxf3 26. Qxf3 Bxf3 27. Kf2 Bxe2 28.
Rxe2 Nf5 29. Rxe8+ Rxe8 30. c6 bxc6 31. bxc6 Bxd4+ 32. Rxd4 Nxd4 33. c7 Ne6 34.
c8=Q Rxc8 35. Nxc8 Kf8 36. Nb6 d4 37. Ke2 Ke7 38. Nd5+ Kd6 39. Nf6 Ke5 40. Ng4+
Kf5 41. Nh6+ Kg6 42. Ng4 f5 43. Ne5+ Kf6 44. Nd7+ Ke7 45. Ne5 Kd6 46. Nf3 Kd5
47. h4 h6 48. Nd2 gxh4 49. gxh4 Nf4+ 50. Kf3 Ne6 51. Kg3 h5 52. Kf3 Kc5 53. Ke2
Nf4+ 54. Kf3 Ng6 55. Kg3 Kd5 56. Nf3 Ke4 57. Kf2 d3 58. Nd2+ Kf4 59. Nf3 Kg4
60. Ke3 Nxh4 61. Ne5+ Kg3 62. Kxd3 f4 63. Ke2 f3+ 64. Kf1 Nf5 65. Nxf3 Kxf3 66.
Kg1 Kg3 67. Kh1 h4 68. Kg1 h3 69. Kh1 Ne3 70. Kg1 Kg4 71. Kh2 Kh4 72. Kg1 Ng4
73. Kf1 Kg3 74. Ke2 h2 75. Kd3 h1=Q 76. Kd4 Qf3 77. Kc4 Qe3 78. Kd5 Qf4 79. Kc5
Qe4 80. Kb5 Qd4 81. Kc6 Qe5 82. Kd7 Qf6 83. Kc7 Qe6 84. Kb7 Qd6 85. Ka7 Qb4 86.
Ka6 Kf4 87. Ka7 Ke5 88. Ka6 Kd6 0-1

[Event "IX Festival A"]
[Site "Salsomaggiore Terme ITA"]
[Date "2005.05.20"]
[Round "1"]
[White "Gerundino, Nicola"]
[Black "Astengo, Marcello"]
[Result "0-1"]
[WhiteElo "1793"]
[BlackElo "2120"]
[PlyCount "82"]
[EventDate "2005.05.20"]

1. e4 e6 2. d4 d5 3. Nc3 Nf6 4. e5 Ng8 5. f4 c5 6. Nf3 Nc6 7. Be3 cxd4 8. Nxd4
Bd7 9. Qd2 Rc8 10. a3 Na5 11. Rd1 Nc4 12. Bxc4 Rxc4 13. O-O a6 14. Rf3 Qc7 15.
Bf2 Ne7 16. Re1 Ng6 17. Nce2 Be7 18. c3 O-O 19. Nc1 Rc8 20. Nd3 Nf8 21. Rh3 b5
22. Qe2 a5 23. Qh5 b4 24. axb4 axb4 25. cxb4 Bxb4 26. Rf1 Be7 27. Nf3 Be8 28.
Qg4 Ra8 29. Bh4 Bxh4 30. Qxh4 Rca4 31. Ng5 h6 32. Nf3 Bb5 33. Nfe1 Ra1 34. Qf2
Rd1 35. Rf3 Raa1 36. Qd4 Nd7 37. g3 Nc5 38. Kg2 Nxd3 39. Nxd3 Rxf1 40. Rxf1
Rxf1 41. Kxf1 Qc2 0-1

[Event "IX Festival A"]
[Site "Salsomaggiore Terme ITA"]
[Date "2005.05.20"]
[Round "1"]
[White "Giretti Kanev, Jasen"]
[Black "Rezzuti, Vincenzo"]
[Result "1-0"]
[WhiteElo "2166"]
[BlackElo "1862"]
[PlyCount "93"]
[EventDate "2005.05.20"]

1. Nf3 d5 2. c4 d4 3. d3 c5 4. g3 Nc6 5. Bg2 e5 6. O-O Bd6 7. a3 a5 8. e3 Bg4
9. h3 Bh5 10. exd4 exd4 11. Nbd2 f5 12. Qe1+ Qe7 13. Nh4 Nh6 14. Ndf3 f4 15. g4
Bg6 16. Nxg6 hxg6 17. Ng5 O-O 18. Qxe7 Bxe7 19. Bd5+ Kh8 20. Ne6 g5 21. Nxf8
Rxf8 22. Re1 Bf6 23. Bxc6 bxc6 24. Re6 Rc8 25. Bd2 a4 26. Rae1 Nf7 27. Re8+
Rxe8 28. Rxe8+ Kh7 29. Kf1 Ne5 30. Rc8 Kg6 31. Ba5 Nxd3 32. Rxc6 Nxb2 33. Rxc5
Be7 34. Rc6+ Kf7 35. c5 Nc4 36. Bb4 d3 37. Ra6 f3 38. Ke1 d2+ 39. Bxd2 Bxc5 40.
Bb4 Bd4 41. Rxa4 Ne5 42. Ra5 Kf6 43. Rd5 Bb2 44. Kd1 Ke6 45. Rd6+ Kf7 46. Kc2
Nc4 47. Rc6 1-0

[Event "IX Festival A"]
[Site "Salsomaggiore Terme ITA"]
[Date "2005.05.20"]
[Round "1"]
[White "Magrini, Fabrizio"]
[Black "Panizzi, Giuseppe"]
[Result "0-1"]
[WhiteElo "1856"]
[BlackElo "2130"]
[PlyCount "94"]
[EventDate "2005.05.20"]

1. e4 c5 2. Nf3 Nc6 3. d4 cxd4 4. Nxd4 Nf6 5. Nc3 d6 6. Bg5 e6 7. Qd2 Be7 8.
O-O-O a6 9. f4 Qc7 10. Be2 Bd7 11. Bxf6 gxf6 12. f5 Nxd4 13. Qxd4 Qc5 14. fxe6
Bxe6 15. Qxc5 dxc5 16. Nd5 Bxd5 17. exd5 Rd8 18. Rhe1 Kf8 19. c4 Rg8 20. Bf3
Bd6 21. Re4 Rg5 22. h3 b5 23. Rh4 Kg7 24. cxb5 axb5 25. a4 Rb8 26. axb5 Rxb5
27. Ra4 Rb6 28. Rc4 Re5 29. Kc2 f5 30. Ra1 Re8 31. Ra2 Reb8 32. Kc1 Be5 33.
Rxc5 Bxb2+ 34. Kd1 Be5 35. Rac2 Rb1+ 36. Ke2 Bg3 37. Rc1 Re8+ 38. Kd3 Rb3+ 39.
R5c3 Rbb8 40. R3c2 Be5 41. Rc6 Rb3+ 42. Kc4 Reb8 43. Rc2 R8b4+ 44. Kc5 Rb5+ 45.
Kc4 Kf8 46. Ra2 Rb8 47. Ra4 Rc3# 0-1

[Event "IX Festival A"]
[Site "Salsomaggiore Terme ITA"]
[Date "2005.05.20"]
[Round "1"]
[White "Molina, Fabrizio"]
[Black "Bonugli, Carlo"]
[Result "1-0"]
[WhiteElo "2257"]
[BlackElo "2030"]
[PlyCount "81"]
[EventDate "2005.05.20"]

1. c4 e5 2. g3 Nc6 3. Bg2 g6 4. Nc3 Bg7 5. d3 d6 6. e4 f5 7. Nge2 Nf6 8. O-O
O-O 9. Nd5 Ne7 10. Bg5 c6 11. Nxf6+ Bxf6 12. Bh6 Bg7 13. Bxg7 Kxg7 14. d4 fxe4
15. dxe5 dxe5 16. Bxe4 Bh3 17. Bg2 Bxg2 18. Kxg2 Qxd1 19. Raxd1 Rad8 20. Rfe1
Nf5 21. b3 Rxd1 22. Rxd1 Rf7 23. Nc3 Re7 24. Kf3 Nd4+ 25. Ke4 Kf6 26. Rd2 Nf5
27. Na4 Nh6 28. Rd6+ Kf7 29. Nc5 Ng4 30. f3 Nf6+ 31. Ke3 h6 32. Ne4 Nxe4 33.
Kxe4 Kg7 34. h4 h5 35. b4 Kf7 36. a4 b5 37. Rxc6 bxa4 38. Ra6 Rd7 39. Kxe5 Rc7
40. c5 Re7+ 41. Kf4 1-0

[Event "IX Festival A"]
[Site "Salsomaggiore Terme ITA"]
[Date "2005.05.20"]
[Round "1"]
[White "Mrdja, Milan"]
[Black "Carzolio, Luigi"]
[Result "1-0"]
[WhiteElo "2373"]
[BlackElo "2048"]
[PlyCount "45"]
[EventDate "2005.05.20"]

1. e4 d5 2. Nc3 d4 3. Nce2 e5 4. c3 c5 5. Ng3 Nf6 6. Nf3 Bd6 7. Bc4 O-O 8. O-O
Nc6 9. a3 Na5 10. Ba2 b5 11. cxd4 cxd4 12. d3 Nc6 13. Nh4 a5 14. Nhf5 a4 15.
Bg5 b4 16. Bd5 Ra6 17. Nxg7 Bg4 18. Bxf6 Bxd1 19. Bxd8 Nxd8 20. Rfxd1 Kxg7 21.
Nf5+ Kf6 22. Nxd6 Rxd6 23. axb4 1-0

[Event "IX Festival A"]
[Site "Salsomaggiore Terme ITA"]
[Date "2005.05.20"]
[Round "1"]
[White "Muha, Zdravko"]
[Black "Prati, Alessandro"]
[Result "1/2-1/2"]
[WhiteElo "2127"]
[BlackElo "1808"]
[PlyCount "36"]
[EventDate "2005.05.20"]

1. d4 Nf6 2. Bg5 e6 3. Nd2 d5 4. e3 Be7 5. Bd3 c5 6. c3 Nc6 7. f4 b6 8. Ngf3
Bb7 9. Ne5 Rc8 10. Qf3 cxd4 11. exd4 O-O 12. O-O Ne4 13. Bxe7 Qxe7 14. Nxe4
dxe4 15. Bxe4 Nxe5 16. fxe5 Bxe4 17. Qxe4 b5 18. a3 a5 1/2-1/2

[Event "IX Festival A"]
[Site "Salsomaggiore Terme ITA"]
[Date "2005.05.20"]
[Round "1"]
[White "Nelli, Luca"]
[Black "Cottarelli, Franco"]
[Result "0-1"]
[WhiteElo "2215"]
[BlackElo "1930"]
[PlyCount "88"]
[EventDate "2005.05.20"]

1. c4 f5 2. Nf3 Nf6 3. b3 d6 4. g3 e5 5. Bg2 Be7 6. O-O O-O 7. Nc3 Nbd7 8. Ng5
Nb6 9. d3 c6 10. e3 Qe8 11. f4 Ng4 12. Nf3 Bf6 13. fxe5 dxe5 14. Ne1 Be6 15. e4
f4 16. h3 Nh6 17. Qf3 Qd7 18. Ba3 Qd4+ 19. Kh2 Qxc3 20. Rc1 Qd4 21. Bxf8 Rxf8
22. gxf4 exf4 23. Qe2 Bh4 24. Nf3 Bg3+ 25. Kh1 Qd7 26. Ng5 Nf7 27. Nxe6 Qxe6
28. d4 Ng5 29. Rc3 Qh6 30. Qg4 Rd8 31. Rd3 Nd7 32. Qf5 g6 33. Qg4 Nf6 34. Qe2
Ngxe4 35. Kg1 Re8 36. Qb2 g5 37. d5 cxd5 38. cxd5 g4 39. d6 gxh3 40. Bxe4 h2+
41. Kh1 Nxe4 42. Qd4 Qe6 43. Rfd1 Rd8 44. d7 Qc6 0-1

[Event "IX Festival A"]
[Site "Salsomaggiore Terme ITA"]
[Date "2005.05.20"]
[Round "1"]
[White "Pipitone, Antonio"]
[Black "Martinez, Rolly"]
[Result "0-1"]
[WhiteElo "2051"]
[BlackElo "2414"]
[PlyCount "58"]
[EventDate "2005.05.20"]

1. e4 c5 2. Nf3 Nc6 3. d4 cxd4 4. Nxd4 Nf6 5. Nc3 e6 6. Be2 Bb4 7. f3 d5 8.
Nxc6 bxc6 9. e5 Nd7 10. f4 Qb6 11. a3 Bxc3+ 12. bxc3 Ba6 13. Bd3 O-O 14. Qe2
Bxd3 15. cxd3 Qb3 16. Bd2 Nc5 17. d4 Ne4 18. Qd3 c5 19. Qb1 Qc4 20. dxc5 Nxc3
21. Bxc3 Qxc3+ 22. Ke2 Rab8 23. Qe1 Rb2+ 24. Kf1 Qc4+ 25. Kg1 Qd4+ 26. Kf1
Qxf4+ 27. Kg1 Qg4 28. Qg3 Qd4+ 29. Kf1 Rc8 0-1

[Event "IX Festival A"]
[Site "Salsomaggiore Terme ITA"]
[Date "2005.05.20"]
[Round "1"]
[White "Pircher, Karl"]
[Black "Di Paolo, Raffaele"]
[Result "0-1"]
[WhiteElo "2037"]
[BlackElo "2284"]
[PlyCount "68"]
[EventDate "2005.05.20"]

1. d4 Nf6 2. c4 g6 3. Nc3 Bg7 4. e4 d6 5. Nf3 O-O 6. Be2 e5 7. O-O Nc6 8. d5
Ne7 9. Ne1 Nd7 10. Nd3 f5 11. Bd2 Nf6 12. f3 f4 13. c5 g5 14. Rc1 Ng6 15. cxd6
cxd6 16. Nb5 Rf7 17. Qc2 Ne8 18. a4 h5 19. Nf2 Bf8 20. Qb3 Rg7 21. Rc2 Nh8 22.
h3 g4 23. fxg4 hxg4 24. hxg4 Nf6 25. Be1 a6 26. Na3 Nf7 27. a5 Nh6 28. Nc4
Nfxg4 29. Nxg4 Nxg4 30. Nb6 Ne3 31. Bf3 Nxc2 32. Nxa8 Nd4 33. Qd3 Bh3 34. Nb6
Nxf3+ 0-1

[Event "IX Festival A"]
[Site "Salsomaggiore Terme ITA"]
[Date "2005.05.20"]
[Round "1"]
[White "Salvador, Roland"]
[Black "Giannetta, Paolo"]
[Result "1/2-1/2"]
[WhiteElo "2360"]
[BlackElo "2045"]
[PlyCount "55"]
[EventDate "2005.05.20"]

1. d4 d6 2. e4 g6 3. Nc3 Bg7 4. Nf3 c6 5. Be3 Nf6 6. Qd2 Qa5 7. h3 O-O 8. Bd3
Nbd7 9. O-O e5 10. Bh6 exd4 11. Nxd4 Qb6 12. Bxg7 Kxg7 13. Bc4 Ne5 14. Bb3 c5
15. Ndb5 c4 16. Ba4 Rd8 17. Qf4 Be6 18. Rad1 Nh5 19. Qh2 a6 20. Nxd6 f6 21.
Ne8+ Rxe8 22. Bxe8 Rxe8 23. Kh1 a5 24. Ne2 Rd8 25. g4 Nf3 26. Qg2 Nh4 27. Qh2
Nf3 28. Qg2 1/2-1/2